00530nam a2200145 a 450000100100000000500170001000800410002704000250006824500610009326000790015430000200023304900090025395201050026299900170036700002384720200930022518.0110114s1997 dr 001 0 spa d aDO-SdBNPbspacBNPHU00aDirectorio de Formación MSC :bprovincia dominicana /. aSanto Domingo :bMisioneros del Sagrado Corazón,c1997.fAmigo del Hogar a82 p. ;c22 cm. aBNPD 0010718PDaPDbPDcCTd2011-01-14iLF1l0o p23847-10r2020-06-25w2020-06-25yLFPDZNo se presta c23343d23343